US Counties That Border Canada - Statistics

General Stats
  • This quiz has been taken 7 times
  • The average score is 18 of 85
Answer Stats
State County / Borough County Seat % Correct
Alaska Juneau
71%
Montana Lincoln Libby
71%
Ohio* Erie Sandusky
57%
Pennsylvania Erie
57%
New York Erie Buffalo
57%
Vermont Essex Guildhall
57%
New York Franklin Malone
57%
Vermont Franklin St. Albans
57%
Maine Franklin Farmington
57%
Michigan* Huron Bad Axe
57%
New York* Jefferson Watertown
57%
Michigan* Monroe
57%
New York* Monroe Rochester
57%
New York Niagara Lockport
57%
Alaska North Slope Utqiaġvik
57%
Michigan* Wayne Detroit
57%
New York* Wayne Lyons
57%
New York Clinton Plattsburgh
43%
Minnesota* Lake Two Harbors
43%
Ohio* Lake Painesville
43%
Maine* Washington Machias
43%
Maine Aroostook Houlton
29%
Ohio* Ashtabula Jefferson
29%
Idaho Boundary Bonners Ferry
29%
New York* Cayuga Auburn
29%
Michigan* Chippewa Sault Ste. Marie
29%
New Hamsphire Coos Lancaster
29%
Ohio* Cuyahoga Cleveland
29%
Montana Glacier Cut Bank
29%
Ohio* Lorain Elyna
29%
Michigan* Macomb Mount Clemens
29%
New York* Oswego
29%
New York* Saint Lawrence Canton
29%
Montana Blaine Chinook
14%
New York Chautauqua Mayville
14%
Washington Clallam Port Angeles
14%
Minnesota* Cook Grand Marais
14%
Vermont Grand Isle North Hero
14%
Alaska Haines
14%
Alaska Ketchikan Gateway
14%
Minnesota Lake of the Woods Baudette
14%
Ohio Lucas Toledo
14%
New York* Orleans Albion
14%
Vermont Orleans Newport
14%
Ohio* Ottawa Port Clinton
14%
Maine Oxford Paris
14%
Alaska Petersburg
14%
Minnesota* Saint Louis Duluth
14%
Alaska Skagway
14%
Maine Somerset Skowhegan
14%
Alaska Wrangell
14%
Michigan* Alcona Harnsville
0%
Michigan* Alger Munising
0%
Michigan* Alpena
0%
North Dakota Bottineau
0%
North Dakota Burke Bowbells
0%
North Dakota Cavalier Langdon
0%
Montana Daniels Scobey
0%
North Dakota Divide Crosby
0%
Washington Ferry Republic
0%
Montana Flathead Kaispell
0%
Montana Hill Havre
0%
Michigan* Iosco Tawas City
0%
Michigan Keweenaw Eagle River
0%
Minnesota Kittson Hallock
0%
Minnesota* Koochiching International Falls
0%
Montana Liberty Chester
0%
Michigan* Luce Newberry
0%
Washington Okanogan
0%
North Dakota Pembina Cavalier
0%
Washington Pend Oreille Newport
0%
Montana Philips Malta
0%
Michigan* Presque Isle Rogers City
0%
North Dakota Renville Mohall
0%
North Dakota Rolette Rolla
0%
Minnesota Roseau
0%
Michigan* Saint Clair Port Huron
0%
Michigan* Sanilac Sandusky
0%
Montana Sheridan Plentywood
0%
Washington Stevens Colville
0%
Montana Toole Shelby
0%
North Dakota Towner Cando
0%
Montana Valley Glasgow
0%
Washington Whatcom Bellingham
0%
Alaska Yakukat
0%
No matching quizzes found
Score Distribution
Percent of People with Each Score
Percentile by Number Answered
Your Score History
You have not taken this quiz